|
|
|
|
| LEADER |
00893nab#a2200313#ar4500 |
| 001 |
000060713 |
| 003 |
SVKKK |
| 005 |
19951003xxxxxxx. |
| 008 |
06 c xo huno |
| FMT |
|
|
|
| 038 |
|
|
|a SVKKK
|
| 040 |
|
|
|a SVKKK
|b slo
|e AACR2
|
| 041 |
0 |
|
|a hun
|
| 044 |
|
|
|a xo
|c SK
|
| 080 |
|
|
|a 614.84
|
| 242 |
1 |
0 |
|a Kožuchovský požiar
|
| 245 |
0 |
0 |
|a A Kazsui tüzvész
|
| 520 |
2 |
|
|a Zkaza budov, prístvby, pozbieranej úrody ale aj ref.kostola
|
| 650 |
0 |
4 |
|a požiar - Kožuchovce - pomoc susedská - Zemplínske Hradište - obyvatelia - hasenie - informácie
|
| 650 |
0 |
4 |
|a požiare - Kožuchov - 24.09.1900 - škody veľké - informácie
|
| 773 |
0 |
|
|t Zempléni Hirlap
|g Roč. 8, č. 546 (29.09.1900) s. 2
|
| 957 |
|
|
|a Kožuchov
|
| 957 |
|
|
|a Zemplínske Hradište
|
| 958 |
|
|
|a DG
|
| 958 |
|
|
|a SK
|
| 974 |
|
|
|a KKá
|d 19951003
|
| 992 |
|
|
|a RBX
|
| BAS |
|
|
|
| 998 |
|
|
|a RETRO
|